Documento firmado por Manuel Crescencio Rejón (Record no. 4824)
[ view plain ]
| 000 -CABECERA | |
|---|---|
| campo de control de longitud fija | 01625nam a2200301 a 4500 |
| 001 - NÚMERO DE CONTROL | |
| campo de control | BRCA_5130 |
| 005 - FECHA Y HORA DE LA ÚLTIMA TRANSACCIÓN | |
| campo de control | 20190320204942.0 |
| 008 - DATOS DE LONGITUD FIJA--INFORMACIÓN GENERAL | |
| campo de control de longitud fija | 191110m1846----mx-#######---#000-0#spa-# |
| 041 ## - CÓDIGO DE LENGUA | |
| Código de lengua del texto/banda sonora o título independiente | spa |
| 044 ## - CÓDIGO DEL PAÍS DE LA ENTIDAD EDITORA/PRODUCTORA | |
| Código MARC del país | mx |
| 084 ## - OTRO NÚMERO DE CLASIFICACIÓN | |
| Número de clasificación | DOC103 |
| Número de documento/Ítem | .R3 |
| -- | 1846 |
| 100 1# - ENTRADA PRINCIPAL--NOMBRE DE PERSONA | |
| Nombre de persona | Rejón, Manuel Crescencio |
| Fechas asociadas al nombre | 1799-1849 |
| 9 (RLIN) | 13096 |
| 245 10 - MENCIÓN DE TÍTULO | |
| Título | Documento firmado por Manuel Crescencio Rejón |
| Mención de responsabilidad, etc. | Manuel Crescencio Rejón, Ignacio Valdivielso. |
| 260 ## - PUBLICACIÓN, DISTRIBUCIÓN, ETC. | |
| Lugar de publicación, distribución, etc. | México |
| Fecha de publicación, distribución, etc. | 1846 |
| 300 ## - DESCRIPCIÓN FÍSICA | |
| Extensión | [2] fojas |
| Dimensiones | 27 x 21 cm |
| 500 ## - NOTA GENERAL | |
| Nota general | Documento firmado el 26 de agosto de 1846 |
| 500 ## - NOTA GENERAL | |
| Nota general | Rejón escribe a Don Ignacio Valdivielso, Secretario de la Legación en Madrid, comunícale haber recibido la comunicación en la que exoneraba de su cargo, disponiéndose que quedara encargado de los Negocios de la República por lo queda sin efecto los plenos poderes expedidos en su favor en las cortes de Francia e Inglaterra |
| 500 ## - NOTA GENERAL | |
| Nota general | El documento contiene la leyenda DOC. #267 |
| 500 ## - NOTA GENERAL | |
| Nota general | Al margen: REPUBLICA MEJICANA. MINISTERIO DE RELACIONES GOBERNACIÓN Y POLITICA. PALACIO DEvGOBIERNO NACIONAL. México 28 de agosto de 1846 |
| 500 ## - NOTA GENERAL | |
| Nota general | Estado de conservación: contiene manchas de acidificación en la última foja |
| 506 0# - NOTA DE RESTRICCIONES AL ACCESO | |
| Limitaciones de acceso | Fondo reservado: para su consulta es necesario credencial de usuario y carta de motivos |
| 546 ## - NOTA DE LENGUA/LENGUAJE | |
| Nota de lengua/lenguaje | Texto en: español de mediados del siglo XIX |
| 600 14 - PUNTO DE ACCESO ADICIONAL DE MATERIA--NOMBRE DE PERSONA | |
| Nombre de persona | Rejón, Manuel Crescencio |
| Fechas asociadas al nombre | 1799-1849 |
| 9 (RLIN) | 13096 |
| 650 14 - PUNTO DE ACCESO ADICIONAL DE MATERIA--TÉRMINO DE MATERIA | |
| Término de materia o nombre geográfico como elemento de entrada | Relaciones internacionales |
| Subdivisión de forma | Manuscrito |
| Subdivisión general | Historia |
| Subdivisión cronológica | Federalismo y centralismo, 1824-1853 |
| Subdivisión geográfica | México |
| 9 (RLIN) | 13097 |
| 700 1# - PUNTO DE ACCESO ADICIONAL--NOMBRE DE PERSONA | |
| Nombre de persona | Valdivielso, Ignacio |
| Fechas asociadas al nombre | 1805-1861 |
| 9 (RLIN) | 13098 |
| 902 ## - CATALOGADOR | |
| Iniciales | FDH |
| 942 ## - ELEMENTOS DE PUNTO DE ACCESO ADICIONAL (KOHA) | |
| Fuente del sistema de clasificación o colocación | Library of Congress Classification |
| Tipo de ítem Koha | Documentos |
| Estado de retiro | Estado de pérdida | Estado dañado | No para préstamo | Localización permanente | Ubicación/localización actual | Fecha de adquisición | Total de préstamos | Signatura topográfica completa | Código de barras | Fecha visto por última vez | Precio válido a partir de | Tipo de ítem Koha |
|---|---|---|---|---|---|---|---|---|---|---|---|---|
| El ejemplar forma parte de la colección y puede ser consultado según las políticas vigentes. | Biblioteca del Museo Franz Mayer (Rogerio Casas-Alatriste) | Biblioteca del Museo Franz Mayer (Rogerio Casas-Alatriste) | 19/11/2010 | DOC103 .R3 1846 | 5474 | 22/03/2019 | 22/03/2019 | Documentos |